| 000 | 00429nam a2200169 a 4500 | ||
|---|---|---|---|
| 005 | 20240612064154.0 | ||
| 008 | 991125s1977 es 000 0 spa u | ||
| 020 | _a8471761246 | ||
| 035 | _aUPN01000004941 | ||
| 049 | _aC | ||
| 050 | 4 |
_aG1021 _bA8.8 |
|
| 245 | 0 | 0 | _aAtlas universal. |
| 260 |
_aBarcelona, Esp. : _bDisteĆn : _bTimun Mas, _c1977. |
||
| 300 |
_a77 p. : _bil., mapas. col. |
||
| 650 | 4 |
_aAtlas _98563 |
|
| 905 | _aLibro | ||
| 999 |
_c4941 _d4941 |
||